| 000 | 00982cam a2200265 a 4500 | ||
|---|---|---|---|
| 999 |
_c3745 _d3745 |
||
| 001 | 4963806 | ||
| 003 | GBCCL | ||
| 005 | 20241126110502.0 | ||
| 008 | 970904s1997 mou b 001 0 eng | ||
| 010 | _a 97034972 | ||
| 020 | _a0570042631 | ||
| 040 |
_aDLC _cDLC _dDLC |
||
| 050 | 0 | 0 |
_aBS1445.L3 _bF56 1997 |
| 082 | 0 | 0 |
_a223.206 _221 _bFLO |
| 100 | 1 |
_aFløysvik, Ingvar, _d1959- _97558 |
|
| 245 | 1 | 0 |
_aWhen God becomes my enemy : _bthe theology of the complaint psalms / _cby Ingvar Fløysvik. |
| 260 |
_aSt. Louis, Mo. : _bConcordia Academic Press, _cc1997. |
||
| 300 |
_a206 p. ; _c23 cm. |
||
| 504 | _aIncludes bibliographical references (p. [177]-187) and indexes | ||
| 630 | 0 | 0 |
_aBible. _pPsalms _xCriticism, interpretation, etc.. _92721 |
| 650 | 0 |
_aLaments in the Bible. _97559 |
|
| 906 |
_a7 _bcbc _corignew _d1 _eocip _f19 _gy-gencatlg |
||
| 942 |
_2ddc _cBK _06 |
||